000 00260nam a2200109Ia 4500
008 190216s9999||||xx |||||||||||||| ||und||
100 _aChemmanam Chacko
245 0 _aVallathole Kaviyum Vyakthiyum
260 _bNull
650 _aJeeva Charithram
942 _cBK
999 _c25349
_d25349